000 00355nam a2200145Ia 4500
008 240729s9999 xx 000 0 und d
022 _a2563-6316
245 0 _aJMIRx Med
260 _aCanada
260 _bJMIR Publications
650 _aMedicine
856 _uhttps://doaj.org/toc/5737b3ba9d23406c8936dc976fa22069
942 _2ddc
942 _cDOAJEJ
999 _c67327
_d67327
945 _a1
_bMadushi Gamage
_c1
_dMadushi Gamage